| 000 | 00000cam 2200000zi 4500 |
| 001 | 9.950285 |
| 003 | CaOODSP |
| 005 | 20260527103719 |
| 006 | m o d f |
| 007 | cr mn||||||||| |
| 008 | 250422t20252025onca obu f001 0 eng d |
| 020 | |a9780660769981 |
| 040 | |aCaOODSP|beng|erda|cCaOODSP |
| 043 | |an-cn--- |
| 086 | 1 |aNR24-27/2025E-PDF |
| 245 | 00|aNational Fire Code of Canada 2025 / |cdeveloped by the Canadian Board for Harmonized Construction Codes. |
| 250 | |aTwelfth edition 2025. |
| 264 | 1|aOttawa, Ontario : |bNational Research Council of Canada, |c2025. |
| 264 | 4|c©2025 |
| 300 | |a1 online resource (1 volume (various pagings)) : |billustrations |
| 336 | |atext|btxt|2rdacontent |
| 337 | |acomputer|bc|2rdamedia |
| 338 | |aonline resource|bcr|2rdacarrier |
| 500 | |a"First printing." |
| 500 | |aIssued also in French under title: Code national de prévention des incendies - Canada 2025. |
| 504 | |aIncludes bibliographical references and index. |
| 520 | |a"The National Fire Code of Canada (NFC) is one of the five National Model Codes, along with the National Building Code of Canada (NBC), the National Energy Code of Canada for Buildings (NECB), the National Plumbing Code of Canada (NPC) and the National Farm Building Code of Canada (last updated in 1995). In Canada, provincial and territorial governments have the authority to enact legislation that regulates the following aspects of buildings and facilities within their jurisdictions: activities related to the construction, use or demolition of buildings and facilities, the condition of specific elements of buildings and facilities, the design or construction of specific elements of facilities related to certain hazards, protection measures for the current or intended use of buildings. This legislation may involve the adoption of the NFC without change or with modifications to suit local needs, and the enactment of other laws and regulations related to these aspects of buildings and facilities. Persons involved in the operation of buildings or facilities should consult the provincial and territorial jurisdiction concerned to confirm what requirements are applicable"--Preface, page v. |
| 530 | |aIssued also in printed form. |
| 650 | 0|aFire prevention|xLaw and legislation|zCanada. |
| 650 | 0|aFire extinction|xLaw and legislation|zCanada. |
| 650 | 0|aFire prevention|xStandards|zCanada. |
| 650 | 0|aFire extinction|xStandards|zCanada. |
| 710 | 2 |aCanadian Board for Harmonized Construction Codes, |eissuing body. |
| 710 | 2 |aNational Research Council of Canada, |eissuing body. |
| 775 | 08|tCode national de prévention des incendies - Canada 2025 / |w(CaOODSP)9.950288 |
| 776 | 0#|tNational Fire Code of Canada 2025 / |w(CaOODSP)9.950287 |
| 795 | |tNational Fire Code of Canada 2020 / |bEleventh edition 2020|w(CaOODSP)9.897548 |
| 856 | 40|qPDF|s2.70 MB|uhttps://publications.gc.ca/collections/collection_2026/cnrc-nrc/NR24-27-2025-eng.pdf |
| 986 | |aNRCC-CONST-56757E |